|
|
|
|
| LEADER |
00000naa2a2200000 4500 |
| 001 |
127317 |
| 005 |
20231031132205.0 |
| 035 |
|
|
|a (RuTPU)RU\TPU\book\137720
|
| 090 |
|
|
|a 127317
|
| 100 |
|
|
|a 20071213d2007 k y0rusy50 ca
|
| 101 |
0 |
|
|a rus
|
| 102 |
|
|
|a RU
|
| 200 |
1 |
|
|a Машины и оборудование при освоении морских месторождений
|f М. Ю. Чухарев
|g науч. рук. В. Г. Крец
|
| 320 |
|
|
|a Библиогр.: 6 назв.
|
| 461 |
|
0 |
|0 (RuTPU)RU\TPU\book\132777
|t Проблемы геологии и освоения недр
|o труды X Международного симпозиума имени академика М. А. Усова студентов и молодых ученых, посвященного 100-летию первого выпуска сибирских инженеров и 110-летию основания ТПУ; г. Томск, 3-8 апреля 2006 г.
|f Томский политехнический университет (ТПУ); Институт геологии и нефтегазового дела; под ред. В. А. Домаренко
|d 2007
|
| 463 |
|
0 |
|0 (RuTPU)RU\TPU\book\132380
|t Т. 2
|v С. 164-166
|d 2007
|p 222 с.
|
| 610 |
1 |
|
|a месторождения
|
| 610 |
1 |
|
|a морские месторождения
|
| 610 |
1 |
|
|a оборудование
|
| 610 |
1 |
|
|a нефтегазовые месторождения
|
| 610 |
1 |
|
|a углеводородные ресурсы
|
| 610 |
1 |
|
|a акватории
|
| 610 |
1 |
|
|a нефтепроводы
|
| 610 |
1 |
|
|a газопроводы
|
| 610 |
1 |
|
|a труды учёных ТПУ
|
| 700 |
|
1 |
|a Чухарев
|b М. Ю.
|
| 702 |
|
1 |
|a Крец
|b В. Г.
|c специалист в области нефтегазового дела
|c доцент Томского политехнического университета, кандидат технических наук
|f 1942-
|g Виктор Георгиевич
|2 stltpush
|4 727
|
| 801 |
|
1 |
|a RU
|b 63413507
|c 20071213
|g PSBO
|
| 801 |
|
2 |
|a RU
|b 63413507
|c 20130508
|g RCR
|
| 942 |
|
|
|c BK
|